EXPERIENTIAL LEARNING (Record no. 36168)

000 -LEADER
fixed length control field 00439nam a22001937a 4500
003 - CONTROL NUMBER IDENTIFIER
control field OSt
005 - DATE AND TIME OF LATEST TRANSACTION
control field 20220726153020.0
008 - FIXED-LENGTH DATA ELEMENTS--GENERAL INFORMATION
fixed length control field 220726b ||||| |||| 00| 0 eng d
020 ## - INTERNATIONAL STANDARD BOOK NUMBER
International Standard Book Number 9789383154937
040 ## - CATALOGING SOURCE
Transcribing agency MUIT
100 ## - MAIN ENTRY--PERSONAL NAME
Personal name BHATIYA S K
245 ## - TITLE STATEMENT
Title EXPERIENTIAL LEARNING
250 ## - EDITION STATEMENT
Edition statement FIRST
260 ## - PUBLICATION, DISTRIBUTION, ETC.
Place of publication, distribution, etc. NEW DELHI
Name of publisher, distributor, etc. PARAGON PUBLISHERS
Date of publication, distribution, etc. 2022
300 ## - PHYSICAL DESCRIPTION
Extent 261
650 ## - SUBJECT ADDED ENTRY--TOPICAL TERM
Topical term or geographic name entry element BHATIYA S K
700 ## - ADDED ENTRY--PERSONAL NAME
Personal name BHATIYA S K
942 ## - ADDED ENTRY ELEMENTS (KOHA)
Koha item type Book
952 ## - LOCATION AND ITEM INFORMATION (KOHA)
Lost status
952 ## - LOCATION AND ITEM INFORMATION (KOHA)
Lost status
Holdings
Withdrawn status Collection code Permanent Location Current Location Shelving location Full call number Accession no. Koha item type
  School of Management Maharishi School of Business & Management (Lucknow) Maharishi School of Business & Management (Lucknow) R14S4 370 6349 Book
  School of Engineering Maharishi School of Engineering & Technology (Lucknow) Maharishi School of Engineering & Technology (Lucknow) R62S5 600 6348 Reference Book

All Rights Reserved@MUIT

Powered by Koha